Steden van Vlaams-Brabant (+ Hoofdstedelijk Gewest) - Statistics

General Stats
  • This quiz has been taken 40 times
  • The average score is 8 of 10
Answers on the Map
Answers color-coded by a green-red scale on the quiz's map according to % correct below.
 
Answer Stats
answer % Correct
Brussel
97%
Leuven | Louvain | Löwen
97%
Halle | Hal
87%
Diest
83%
Tienen | Tirlemont
83%
Vilvoorde | Vilvorde
77%
Aarschot | Aerschot
73%
Landen
73%
Zoutleeuw | Léau
57%
Scherpenheuvel-Zichem | Montaigu-Zichem
53%
No matching quizzes found
Score Distribution
Percent of People with Each Score
Percentile by Number Answered
Your Score History
You have not taken this quiz